| 000 | 00782cam a2200253 a 4500 | ||
|---|---|---|---|
| 001 | 78494 | ||
| 003 | BD-RjUL | ||
| 005 | 20211209083133.0 | ||
| 008 | 210928s1954 nyu 000 0 eng | ||
| 035 | _a(BD-RjUL) | ||
| 040 |
_aDLC _cDLC _dDLC _dBD-RjUL _beng |
||
| 041 | _aeng | ||
| 043 | _an-us--- | ||
| 082 | 0 | 0 |
_223 _a320.973 _bCOU 1954 |
| 100 | 1 |
_aCoyle, David Cushman, _d1887-1969. _9248587 |
|
| 245 | 1 | 4 |
_aThe United States political system : _band how it works / _cby David Cushman Coyle. |
| 260 |
_a[New York] : _bNew American Library _c1954 |
||
| 300 |
_a151 p. _c19 cm. |
||
| 490 | 0 | _aA Signet key book, K303 | |
| 651 | 0 |
_aUnited States _xPolitics and government _xHandbooks, manuals, etc. _9248588 |
|
| 942 |
_2ddc _cBK |
||
| 999 |
_c78494 _d78494 |
||